Países mais próximos do Sudão do Sul - Statistics

Estatísticas Gerais
  • Esse quiz foi jogado 59 vezes
  • A pontuação média é 16 de 20
Estatísticas das Respostas
km país % Correto
0 Sudão
100%
597 Somália
96%
167 Chade
92%
1086 Egito
92%
0 Etiópia
88%
0 Quênia
88%
0 República Centro-Africana
88%
0 Rep Dem Congo
84%
420 Eritreia
82%
792 Congo
78%
497 Tanzânia
78%
0 Uganda
78%
1013 Nigéria
76%
857 Djibouti
74%
1024 Líbia
74%
655 Burundi
70%
507 Ruanda
70%
877 Camarões
64%
1070 Iémen
54%
1046 Arábia Saudita
46%
Nenhum quiz correspondente encontrado
Distribuição das Pontuações
Porcentagem de Pessoas com Cada Pontuação
Percentil de Números Respondidos
Sua Pontuação Histórica
Você não jogou esse quiz